Taylor Swift Songs by First Word - Statistics

General Stats
  • This quiz has been taken 91 times
  • The average score is 43 of 101
Answer Stats
Number of Occurrences First Word Answer % Correct
45 I A Place in This World, The Outside, Mary's Song, etc.
100%
1 Betty betty
81%
18 You Cold As You, Fifteen, That's When, etc.
81%
8 We Love Story, We Were Happy, Lover, etc.
76%
1 Vintage cardigan
74%
1 Salt august
72%
1 Combat The Archer
71%
1 Carolina Carolina
69%
6 Once Forever and Always, You All Over Me, Castles Crumbling, etc.
69%
1 Mr. Mr. Perfectly Fine
69%
2 You're You Belong With Me, Karma
69%
1 Fever Cruel Summer
66%
8 I'm The Best Day, Back to December, State of Grace, etc.
66%
5 He Tim McGraw, The Way I Loved You, Forever Winter, etc.
64%
2 Long Dear John, Sad Beautiful Tragic
62%
3 Hey Hey Stephen, Don't You, dorothea
62%
1 Elevator Ours
62%
1 Flamingo "Sl*t!"
62%
1 Rebecca the last great american dynasty
62%
1 Midnight Style
60%
1 Untouchable Untouchable
60%
1 Loving Red
59%
1 Drew Teardrops On My Guitar
59%
1 Nice Blank Space
53%
1 Dear Dear Reader
53%
1 She Invisible
53%
1 Friends right where you left me
53%
5 The Sparks Fly, Clean, Paper Rings, etc.
53%
6 My Foolish One, Call It What You Want, Daylight, etc.
52%
1 Flashing Wonderland
52%
5 It Bye Bye Baby, 22, Labyrinth, etc.
50%
2 There's Fearless, New Year's Day
50%
1 Green invisible string
50%
2 And Change, cowboy like me
48%
2 Our Dress, peace
48%
1 Clear This Love
48%
4 When When Emma Falls In Love, it's time to go, Maroon, All Of The Girls You Loved Before
48%
1 'Cause Bad Blood
47%
1 Gray evermore
47%
1 Meet Lavender Haze
47%
1 Fatefully long story short
47%
1 Rain Midnight Rain
47%
3 One Run, You Are In Love, Snow on the Beach
47%
3 What Christmas Must Be Something More, Babe, mad woman
43%
2 It's I Wish You Would, closure
43%
1 Tall Superman
43%
2 This SuperStar, Delicate
43%
2 Please Christmases When You Were Mine, seven
41%
2 Don't Girl At Home, Don't Blame Me
41%
1 Gleaming gold rush
41%
1 Looking Out of the Woods
41%
1 Draw Vigilante Sh*t
41%
1 Walking Welcome To New York
41%
1 Friday I'm Only Me When I'm With You
40%
1 Cory's Stay Beautiful
40%
1 Saying Death By A Thousand Cuts
38%
1 How's ivy
38%
1 State Picture to Burn
38%
1 People All You Had To Do Was Stay
36%
1 Standing How You Get the Girl
36%
1 Knew ...Ready For It?
36%
1 Today Today Was A Fairytale
36%
1 Took Begin Again
34%
2 No Getaway Car, Bigger Than the Whole Sky
34%
1 School It's Nice To Have A Friend
34%
2 I've Say Don't Go, this is me trying
34%
1 Now Better Than Revenge
33%
1 Keep epiphany
33%
1 Three I Bet You Think About Me
33%
1 Summer You're on Your Own, Kid
33%
1 Never marjorie
31%
3 Your Never Grow Up, Paris, Beautiful Eyes
31%
1 They Nothing New
31%
1 Strange Should've Said No
31%
1 Is the lakes
31%
1 We're New Romantics
29%
1 Find The Last Time
29%
2 If 'tis the damn season, Would've Could've Should've
29%
1 Baby Bejeweled
28%
1 Honey happiness
28%
1 Make illicit affairs
28%
1 Put Treacherous
28%
1 Say White Horse
28%
1 Why A Perfectly Good Heart
26%
1 Everybody's Eyes Open
26%
1 See So It Goes...
26%
1 Break coney island
24%
1 There Enchanted
24%
1 Just Electric Touch
22%
1 New The Lucky One
22%
1 Down Timeless
22%
1 Last If This Was a Movie
21%
1 In The Other Side of the Door
21%
1 Seems Tied Together With a Smile
21%
1 All You're Not Sorry
19%
2 How I Forgot That You Existed, The Joker and the Queen
17%
1 Lock High Infidelity
16%
1 Hit Sweeter Than Fiction
16%
1 Follow Beautiful Ghosts
12%
1 Wish I Heart ?
7%
1 I'd Crazier
5%
No matching quizzes found
Score Distribution
Percent of People with Each Score
Percentile by Number Answered
Your Score History
You have not taken this quiz